=LDR 00000nam 2200000 4500 =001 INLIS000000000039640 =005 20130612145245 =008 ***********************************ind** =035 ##$$0010-061300000039640 =041 ##$$a ind =082 ##$$a 813 =090 ##$$a 813, Sco f =100 ##$$a Scott, Kristy =245 ##$$a Fortune House =260 ##$$a 2011 $b Jakarta =300 ##$$a 546 hlm, 23 cm =850 ##$$a NBPNMAT